000 00674nam a22002057a 4500
003 OSt
005 20251008053701.0
008 251008b |||||||| |||| 00| 0 eng d
020 _a9786218179585
040 _aDWCL-Main lib
_cOC
082 _aFil. 338.4791 M539r 2022
100 _aMendoza, Lolita O.
245 _a Research in Tourism and Hospitality/
_cLolita O. Mendoza
260 _aManila, Philippines :
_bEDRIC Publishing House,
_cc2022
300 _a87 pages :
_billustrations ;
_c25cm.
504 _aIncludes Bibliographical references
650 _a1. Hospitality Industry-- Research
650 _a2. Tourism-- Research
942 _2ddc
_cBK-CIRC
_kCirc.
_n0
999 _c4720
_d4720